00700nas a2200241 4500001001300000003000900013005001700022007000300039008003400042040005400076041000900130072001300139100001900152100001600171100001800187245009400205650002000299650001000319650000900329650001400338650001400352773009200366BR2013004391BR-BrBNA20231205122507.0ta230509b bl.|||p| |||| 00| 00por d aBR-BrBNAbporcBiblioteca Nacional de Agricultura a(En) aD50; E701 aSouza, K.K. de1 aTonon, K.M.1 aScussel, V.M.1 aLabels layout of cats and dogs food sold in Brazil and their national regulation adequacy aALIMENTO ANIMAL aCÃO aGATO aEMBALAGEM aROTULAGEM0 tCiência Rural (Brazil)xISSN 0103-8478g(Feb 2013), v. 43(2) p. 366-369wBR2013004391